000
00321nam a2200145Ia 4500
999
_c
14108
_d
14108
003
OSt
005
20260327171423.0
008
260210s9999 xx 000 0 und d
020
_a
9787568007894
082
_a
621.32
100
_a
Hustp
245
4
_a
The Colors Lighjting Design
260
_b
Hustp
942
_c
BDES
_2
ddc